00779nam a2200181Ia 4500008004100000020001800041050001900059100001800078245009100096260002200187300005000209440003700259500005500296650008000351700004600431952010300477999001700580120626s9999 xx 000 0 und d a84-254-1772-4 aBF139 U45 1992 aULICH, Dieter aIniciación a la psicología / Dieter Ulich ; traducción: Constantino Ruiz-Garrido aEspaña : Herder a241 p. : diagrs., gráficas, tablas ; 22 cm. aBiblioteca de psicología ; 170 aTítulo original: einführung in die psychologie aPSICOLOGÍA - CORRIENTES \ PSICOLOGÍA - TEORÍAS \ PSICOLOGÍA - RAMAS aRUIZ-GARRIDO, Constantino (tr.) \ Ser.Ì 00102ddc4070a22b22d2010-11-26l0oBF139 U45 1992p17 001073r2023-08-01t1w2012-06-26yLBf c73663d73663